| 000 | 02491ngm a2200433 a 4500 | ||
|---|---|---|---|
| 001 | vtls003216769 | ||
| 003 | MY-SjTCS | ||
| 005 | 20200226114657.0 | ||
| 007 | vd cvacrs | ||
| 008 | 110421s2003 cau248 |00 vleng d | ||
| 039 | 9 |
_a201206131237 _bstazrina _c201106171043 _dwilmina _y201104211727 _zmalathy |
|
| 041 | 1 |
_aeng _bengfrespa |
|
| 043 | _an-us-ny | ||
| 082 | 0 | 4 |
_a791.4372 _bDOG 2003 |
| 245 | 0 | 0 |
_aDog day afternoon _h[videorecording] / _cWarner Bros. Inc. ; an Artists Entertainment Complex Inc. production. |
| 260 |
_aBurbank, CA : _bWarner Home Video, _cc2003. |
||
| 300 |
_a2 videodisc (248 min.) : _bsd., col. ; _c4 3/4 in. |
||
| 500 | _aOriginally released as a motion picture by Warner Bros., Inc. in 1975 | ||
| 500 | _aSpecial features: Side A contains standard version (124 min.). Side B contains widescreen version (124 min.). | ||
| 508 | _aDirector, Sidney Lumet ; producers, Martin Bregman, Martin Elfand ; screenplay, Frank Pierson ; editor, Dede Allen ; cinematography, Victor J. Kemper ; production design, Charles Bailey ; art direction, Douglas Higgins ; set decoration, Robert Drumheller ; costume design, Anna Hill Johnstone. | ||
| 511 | 1 | _aAl Pacino, Penelope Allen, Sully Boyar, John Cazale, Beulah Garrick, Carol Kane, Sandra Kazan, Marcia Jean Kurtz, Amy Levitt, John Marriott, Estelle Omens, Gary Springer, James Broderick, Charles Durning, Carmine Foresta, Lance Henriksen, Floyd Levine, Dick Anthony Williams, Dominic Chianese, Marcia Haufrecht, Judith Malina, Susan Peretz, Chris Sarandon, William Bogert, Ron Cummins, Jay Gerber, Philip Charles MacKenzie, Chu Chu Malave, Lionel Pina. | |
| 520 | _aBased on actual events that took place one hot August afternoon in 1972, the movie recreates the incredible circumstances surrounding an ill-fated Brooklyn bank robbery attempt. | ||
| 538 | _aDVD. | ||
| 546 | _aEnglish, French or Spanish subtitles. | ||
| 650 | 0 |
_aBank robberies _zNew York (State) _zNew York _vDrama. |
|
| 650 | 0 |
_aFilm adaptations. _98515 |
|
| 650 | 0 |
_aTragicomedy. _995008 |
|
| 700 | 1 |
_aBregman, Martin, 1926- _951787 |
|
| 700 | 1 | _aBroderick, James. | |
| 700 | 1 |
_aCazale, John, _d1936-1978. _952860 |
|
| 700 | 1 |
_aDurning, Charles, _d1923- _928632 |
|
| 700 | 1 |
_aElfand, Martin. _951825 |
|
| 700 | 1 |
_aLumet, Sidney, _d1924-2011. |
|
| 700 | 1 |
_aPacino, Al, _d1940- _928545 |
|
| 700 | 1 |
_aPierson, Frank R. _951824 |
|
| 710 | 2 |
_aWarner Bros. _924811 |
|
| 710 | 2 |
_aWarner Home Video (Firm) _913225 |
|
| 920 | _aADTP : 162523 | ||
| 999 | _c136372 | ||